|
|
|
|
| LEADER |
00634nam a2200205 a 4500 |
| 001 |
000681993 |
| 003 |
CZ BrMZK |
| 005 |
20030814181057.0 |
| 007 |
ta |
| 008 |
030814s1818 xr f ger d |
| 040 |
|
|
|a BOA001
|b cze
|c BOA001
|
| 100 |
1 |
|
|a Cornova, Ignác,
|d 1740-1822
|7 jk01020805
|4 aut
|
| 245 |
1 |
0 |
|a Lebens-geschichte Johan Karls Grafen Krakowsky von Kolowrat /
|c Ignaz Cornova
|
| 260 |
|
|
|a Prag :
|b G. Haase,
|c 1818
|
| 300 |
|
|
|a 75 s.
|
| 910 |
|
|
|a BOA001
|b 2-0016.620
|
| 964 |
|
|
|a Bohemika - stol. 19.
|
| 990 |
|
|
|a BK
|
| 993 |
|
|
|a Y
|
| 996 |
6 |
|
|b BC-110579
|c 2-0016.620
|l MZK
|r Sklad / do 24 hodin
|n 0
|w 000681993
|u 000020
|a 1
|e BOA001
|j MZK50
|s P
|